| 000 | 00343nab a22001097u 4500 | ||
|---|---|---|---|
| 008 | 130520b2010 xxu||||| |||| 00| 0 spa d | ||
| 041 | _aspa | ||
| 100 | 1 |
_aGörg, Manfred _912045 |
|
| 245 | 0 | 0 |
_a¿Monoteísmo cristiano versus monoteísmo judío? _cManfred Görg |
| 773 | 0 |
_tConcilium _gnº335,2010,págs. 153-160 _x0210-1041 _wRev134 |
|
| 942 | _cAR | ||
| 999 |
_c414893 _d414893 |
||